000 00347 a2200157 4500
001 75273
020 _a9788508172689
040 _cAnchieta - Colégio São Paulo
100 _aDante, Luiz Roberto
240 1 0 _aProjeto Teláris:
_lpor
245 1 0 _aProjeto Teláris:
300 _a376
362 0 _a2015
650 4 _aMatemática
942 _cBK
999 _c75273
_d75273